00500nam a2200121Ia 4500008004100000050002100041100003300062245018100095260001600276300001000292500003000302650004600332120626s9999 xx 000 0 und d aT F1221 C82 1997 aCUELLAR, Vazquez Salvador V. aSistema de captación de agua pluvial para una casa habitaciontipo en la Cd. de Mexico como respuesta a la problematica ecologica del agua/ Salvador V. Cuellar Vazquez aMexico: UVM a83 p. aTESIS en ecología - UVM a1. Agua - Almacenamiento - MéxicoÌÌ